000 00600nam a2200229Ia 4500
003 OSt
005 20220924142957.0
006 a|||||r|||| 00| 0
007 ta
008 220923b |||||||| |||| 00| 0 mni d
024 _a304221
037 _cTextual
040 _aARTS
_cARTS
_bmni
041 _2mni
_amni
082 _aO446114,1x, L2
100 _aNeelkant Singh Ed.
_9214497
245 0 _aParishidki Manipuri shairang lairik
260 _c1972
650 _aMANIPURI LITERATURE
942 _hO446114,1x, L2
_cTEXL
_2CC
999 _c452743
_d452743